Transforms and Partial Differential Equations (Record no. 209614)

MARC details
000 -LEADER
fixed length control field 00507nam a2200205Ia 4500
008 - FIXED-LENGTH DATA ELEMENTS--GENERAL INFORMATION
fixed length control field 240823s9999||||xx |||||||||||||| ||und||
020 ## - INTERNATIONAL STANDARD BOOK NUMBER
International Standard Book Number 978-81-908165-6-4
082 ## - DEWEY DECIMAL CLASSIFICATION NUMBER
-- 515.35 Q0
100 ## - MAIN ENTRY--PERSONAL NAME
Personal name Manish Goyal
245 #0 - TITLE STATEMENT
Title Transforms and Partial Differential Equations
250 ## - EDITION STATEMENT
Edition statement 2nd
260 ## - PUBLICATION, DISTRIBUTION, ETC. (IMPRINT)
Date of publication, distribution, etc 2010
Name of publisher, distributor, etc UNiversity Science
500 ## - GENERAL NOTE
General note TRANSFERED
650 ## - SUBJECT ADDED ENTRY--TOPICAL TERM
Topical term or geographic name as entry element Equations
700 ## - ADDED ENTRY--PERSONAL NAME
Personal name Bali N P
942 ## - ADDED ENTRY ELEMENTS (KOHA)
Item type Books
Holdings
Withdrawn status Lost status Damaged status Permanent location Current location Shelving location Date acquired Source of acquisition Cost, normal purchase price Full call number Barcode Date last seen Koha item type
      CENTRAL LIBRARY, NOORUL ISLAM CENTRE FOR HIGHER EDUCATION CENTRAL LIBRARY, NOORUL ISLAM CENTRE FOR HIGHER EDUCATION Mathematics 03/06/2014 Gift From Department 195.00 515.35 Q0 59914 08/23/2024 Books
Visitors:
Copyright © 2024 Central Library NICHE.  All rights reserved.